| 000 | 00652nam a2200253Ia 4500 | ||
|---|---|---|---|
| 003 | OSt | ||
| 005 | 20220918190456.0 | ||
| 006 | a|||||r|||| 00| 0 | ||
| 007 | ta | ||
| 008 | 220917b |||||||| |||| 00| 0 eng d | ||
| 024 | _a57,081 | ||
| 037 | _cTextual | ||
| 040 |
_aARTS _cARTS _beng |
||
| 041 |
_2eng _aeng |
||
| 082 | _aQ:(R), L8 | ||
| 100 |
_aCorlett William _972754 |
||
| 245 | 0 | _aQuestion of religion | |
| 260 |
_aLondon _bHamish Hamilton _c1978 |
||
| 300 |
_a109p. _ccm. |
||
| 650 | _aRELIGION | ||
| 700 |
_a Moore John _950359 |
||
| 942 |
_hQ:(R), L8 _cTEXL _2CC |
||
| 999 |
_c185338 _d185338 |
||